Introducción a la estadística matemática / (Record no. 80541)

MARC details
000 -LEADER
campo de control de longitud fija 00668nam a2200193 i 4500
001 - NÚMERO DE CONTROL
campo de control 80541
003 - IDENTIFICADOR DE NÚMERO DE CONTROL
campo de control ES-MaACL
005 - FECHA Y HORA DE LA ÚLTIMA TRANSACCIÓN
campo de control 20230906174235.0
007 - CAMPO FIJO DE DESCRIPCIÓN FÍSICA--INFORMACIÓN GENERAL
campo de control de longitud fija t|
008 - DATOS DE LONGITUD FIJA--INFORMACIÓN GENERAL
campo de control de longitud fija 041028s1968 sp ||||1| spa d
100 1# - ENTRADA PRINCIPAL--NOMBRE DE PERSONA
Nombre de persona Hoel, Paul G.
9 (RLIN) 63917
245 10 - MENCIÓN DEL TÍTULO
Título Introducción a la estadística matemática /
Mención de responsabilidad, etc. por Paul G. Hoel ; edición dirigida y revisada por Alfonso G. Barbancho ; [traducción por Alejandro Herranz Yuste].
260 ## - PUBLICACIÓN, DISTRIBUCIÓN, ETC.
Lugar de publicación, distribución, etc. Barcelona :
Nombre del editor, distribuidor, etc. Ariel,
Fecha de publicación, distribución, etc. [1968]
300 ## - DESCRIPCIÓN FÍSICA
Extensión XII, 451 p. :
Otras características físicas il. ;
Dimensiones 23 cm.
650 04 - PUNTO DE ACCESO ADICIONAL DE MATERIA--TÉRMINO DE MATERIA
Término de materia o nombre geográfico como elemento de entrada Estadística.
9 (RLIN) 12520
700 1# - ENTRADA AGREGADA--NOMBRE PERSONAL
Nombre de persona Barbancho, Alfonso G.
9 (RLIN) 25380
700 1# - ENTRADA AGREGADA--NOMBRE PERSONAL
Nombre de persona Herranz Yuste, Alejandro.
9 (RLIN) 63174
852 ## - LOCALIZACIÓN
Ubicación ES-MaACL
Número de control de estantería C-36188
Holdings
Estatus retirado Estado de pérdida Estado de daño No para préstamo Biblioteca de origen Biblioteca actual Ubicación en estantería Fecha de adquisición Fuente de adquisición Total de préstamos Signatura topográfica completa Código de barras Visto por última vez Precio de reemplazo Tipo de ítem Koha
        Biblioteca del Ateneo de Madrid Biblioteca del Ateneo de Madrid Depósito 2 17/01/2008     C-36188 1084206 23/02/2023 23/02/2023 Libro impreso